<?xml version="1.0" encoding="UTF-8"?><marc:collection xmlns:marc="http://www.loc.gov/MARC21/slim">
  <marc:record>
    <marc:leader>00000nam##2200000za#4500</marc:leader>
    <marc:controlfield tag="001">9.698486</marc:controlfield>
    <marc:controlfield tag="003">CaOODSP</marc:controlfield>
    <marc:controlfield tag="005">20210624235941</marc:controlfield>
    <marc:controlfield tag="007">cr |||||||||||</marc:controlfield>
    <marc:controlfield tag="008">150407|1999||||xxc|||||o    f|0| 0 eng|d</marc:controlfield>
    <marc:datafield tag="040" ind1=" " ind2=" ">
      <marc:subfield code="a">CaOODSP</marc:subfield>
      <marc:subfield code="b">eng</marc:subfield>
    </marc:datafield>
    <marc:datafield tag="043" ind1=" " ind2=" ">
      <marc:subfield code="a">n-cn---</marc:subfield>
    </marc:datafield>
    <marc:datafield tag="086" ind1="1" ind2=" ">
      <marc:subfield code="a">F2-132/1999E-PDF</marc:subfield>
    </marc:datafield>
    <marc:datafield tag="110" ind1="1" ind2=" ">
      <marc:subfield code="a">Canada.</marc:subfield>
      <marc:subfield code="b">Department of Finance.</marc:subfield>
      <marc:subfield code="b">Minister of Finance.</marc:subfield>
    </marc:datafield>
    <marc:datafield tag="245" ind1="1" ind2="0">
      <marc:subfield code="a">Notice of ways and means motion to amend the Income Tax Act, to implement measures that are consequential on changes to the Canada--U.S. Tax Convention (1980) and to amend the Income Tax Conventions Interpretation Act, the Old Age Security Act, the War Veterans Allowance Act and certain Acts related to the Income Tax Act </marc:subfield>
      <marc:subfield code="h">[electronic resource]</marc:subfield>
    </marc:datafield>
    <marc:datafield tag="260" ind1=" " ind2=" ">
      <marc:subfield code="a">Ottawa - Ontario : </marc:subfield>
      <marc:subfield code="b">Finance Canada. </marc:subfield>
      <marc:subfield code="c">1999.</marc:subfield>
    </marc:datafield>
    <marc:datafield tag="300" ind1=" " ind2=" ">
      <marc:subfield code="a">111p.</marc:subfield>
    </marc:datafield>
    <marc:datafield tag="520" ind1="3" ind2=" ">
      <marc:subfield code="a">These amendments implement the draft income tax measures announced in the February 1998 budget, as well as several other announced measures: (1) Supplementary Personal Tax Credit; (2) Surtax Reduction for Individuals; (3) Home Buyers’ Plan (HBP); (4) Tax Credit for Interest on Student Loans; (5) Registered Education Savings Plans (RESPs); (6) Lifelong Learning Plan; (7) Part-Time Education; (8) Child Care Expense Deduction; (9) Caregiver Tax Credit; (10) Alternative Minimum Tax; (11) Relocation Expenses and Employee Loans; (12) Emergency Volunteers; (13) Meal and Entertainment Expenses; (14) Private Health Service Plan (PHSP) Premiums; (15) Scientific Research and Experimental Development (SR &amp; ED); (16) Labour-Sponsored Venture Capital Corporations; (17) Assessments.--Summary, p.2-3 of 111.</marc:subfield>
    </marc:datafield>
    <marc:datafield tag="590" ind1=" " ind2=" ">
      <marc:subfield code="a">13-22-Supp</marc:subfield>
      <marc:subfield code="b">2013-09-26</marc:subfield>
    </marc:datafield>
    <marc:datafield tag="690" ind1="0" ind2="7">
      <marc:subfield code="a">Amendments</marc:subfield>
      <marc:subfield code="2">gcpds</marc:subfield>
    </marc:datafield>
    <marc:datafield tag="690" ind1="0" ind2="7">
      <marc:subfield code="a">Income tax</marc:subfield>
      <marc:subfield code="2">gcpds</marc:subfield>
    </marc:datafield>
    <marc:datafield tag="690" ind1="0" ind2="7">
      <marc:subfield code="a">Pensions</marc:subfield>
      <marc:subfield code="2">gcpds</marc:subfield>
    </marc:datafield>
    <marc:datafield tag="690" ind1="0" ind2="7">
      <marc:subfield code="a">Taxation regulations</marc:subfield>
      <marc:subfield code="2">gcpds</marc:subfield>
    </marc:datafield>
    <marc:datafield tag="690" ind1="0" ind2="7">
      <marc:subfield code="a">Veterans</marc:subfield>
      <marc:subfield code="2">gcpds</marc:subfield>
    </marc:datafield>
    <marc:datafield tag="775" ind1="0" ind2="8">
      <marc:subfield code="t">Avis de motion de voies et moyens visant à modifier la Loi de l'impôt sur le revenu, à mettre en oeuvre des mesures découlant de changements apportés à la Convention fiscale de 1980 entre le Canada et les États-Unis et à modifier la Loi sur l'interprétation des conventions en matière d'impôts sur le revenu, la Loi sur la sécurité de la vieillesse, la Loi sur les allocations aux anciens combattants et certaines lois liées à la Loi de l'impôt sur le revenu </marc:subfield>
      <marc:subfield code="w">(CaOODSP)9.642493</marc:subfield>
    </marc:datafield>
    <marc:datafield tag="776" ind1="0" ind2="#">
      <marc:subfield code="t">Notice of ways and means motion to amend the Income Tax Act, to implement measures that are consequential on changes to the Canada--U.S. Tax Convention (1980) and to amend the Income Tax Conventions Interpretation Act, the Old Age Security Act, the War Veterans Allowance Act and certain Acts related to the Income Tax Act / </marc:subfield>
      <marc:subfield code="w">(CaOODSP)9.661055</marc:subfield>
    </marc:datafield>
    <marc:datafield tag="776" ind1="0" ind2="#">
      <marc:subfield code="t">Avis de motion de voies et moyens visant à modifier la Loi de l'impôt sur le revenu, à mettre en oeuvre des mesures découlant de changements apportés à la Convention fiscale de 1980 entre le Canada et les États-Unis et à modifier la Loi sur l'interprétation des conventions en matière d'impôts sur le revenu, la Loi sur la sécurité de la vieillesse, la Loi sur les allocations aux anciens combattants et certaines lois liées à la Loi de l'impôt sur le revenu / </marc:subfield>
      <marc:subfield code="w">(CaOODSP)9.661056</marc:subfield>
    </marc:datafield>
    <marc:datafield tag="856" ind1="4" ind2="0">
      <marc:subfield code="a">http://publications.gc.ca</marc:subfield>
      <marc:subfield code="q">PDF</marc:subfield>
      <marc:subfield code="s">1.14 MB</marc:subfield>
      <marc:subfield code="u">https://publications.gc.ca/collections/collection_2013/fin/F2-132-1999-eng.pdf</marc:subfield>
    </marc:datafield>
  </marc:record>
</marc:collection>
